| 000 | 00480pab a2200181 454500 | ||
|---|---|---|---|
| 008 | 180718b2017 xxu||||| |||| 00| 0 eng d | ||
| 100 | _aBhagat, R.B. | ||
| 245 | _aMigration, gender and right to the city: the Indian context | ||
| 260 | _c2017 | ||
| 300 | _ap.35-40. | ||
| 362 | _a12 Aug | ||
| 650 | _aUrban development - India | ||
| 650 | _aMigration - India | ||
| 650 | _aWomen - India | ||
| 650 | _aWomen | ||
| 773 | _aEconomic and Political Weekly | ||
| 909 | _a116005 | ||
| 999 |
_c115999 _d115999 |
||